Minecraft Moby - Statystyki

Ogólne statystyki
  • Ten quiz został rozwiązany 157 razy
    77 od ostatniego zresetowania
  • Średni wynik to 37 z 83
Statystyki odpowiedzi
Rodzaj Mob % Poprawnych
Agresywne Zombie
94%
Pasywny Krowa
90%
Agresywne Szkielet
88%
Oswajalne Wilk
87%
Oswajalne Koń
85%
Pasywny Świnia
85%
Pasywny Owca
83%
Neutralne Pająk
81%
Boss Smok Kresu
79%
Oswajalne Kot
77%
Pasywny Kurczak
77%
Wytwarzane Bałwan
75%
Boss Wither
75%
Neutralne Enderman
73%
Wytwarzane {Żelazny} Golem
73%
Neutralne Piglin
69%
Agresywne Creeper
67%
Oswajalne Papuga
67%
Pasywny Osadnik
62%
Pasywny Ocelot
60%
Pasywny Dorsz
56%
Pasywny Łosoś
56%
Agresywne Płomyk
56%
Agresywne Warden
54%
Agresywne Ghast
52%
Pasywny Rozdymka
52%
Pasywny Kałamarnica
50%
Pasywny Królik
50%
Oswajalne Osioł
50%
Oswajalne Lama
48%
Oswajalne Muł
48%
Agresywne Witherowy szkielet
48%
Neutralne Pająk jaskiniowy
46%
Agresywne Wiedźma
46%
Neutralne Koza
44%
Agresywne {Kurzy} Jeździec
44%
Pasywny Tropikalna ryba
44%
Neutralne Aksolotl
42%
Pasywny Lis
42%
Neutralne Panda
42%
Agresywne Silverfish
42%
Neutralne Żaba
40%
Pasywny Żółw
40%
Neutralne Delfin
37%
Neutralne Niedźwiedź polarny
37%
Agresywne Szlam
37%
Agresywne Utopiec
37%
Neutralne Świecąca Kałamarnica
35%
Agresywne Hoglin
33%
Agresywne Kostka Magmy
33%
Pasywny Pancernik
33%
Agresywne Przywoływacz
33%
Neutralne Pszczoła
33%
Agresywne Vex
33%
Agresywne Fantom
31%
Pasywny Nietoperz
31%
Neutralne Otuszek
31%
Agresywne {Pajęczy} Jeździec
31%
Agresywne Rozbójnk
31%
Agresywne Shulker
31%
Pasywny Wielbłąd
31%
Agresywne Zoglin
31%
Agresywne Endermit
29%
Agresywne Strażnik
29%
Agresywne Vindicator
29%
Agresywne Zombie Osadnik
29%
Agresywne Dewastator
27%
Pasywny Mooshroom
27%
Agresywne Piglin Okrutnik
25%
Pasywny Koń Szkielet
23%
Pasywny Niuchacz
23%
Agresywne Posuch
23%
Pasywny Kijanka
19%
Pasywny Magmołaz
19%
Pasywny Wędrowny handlarz
17%
Neutralne Zombifikowany piglin
17%
Agresywne / Boss Prastrażnik
15%
Neutralne Lama Handlarza
13%
Agresywne Tułacz
12%
Agresywne Bogged
10%
Agresywne Breeze
8%
Agresywne Szkieletowa pułapka
2%
Agresywne Witherowy jeździec
2%
Nie znaleziono quizów pasujących do podanych kryteriów
Rozkład punktacji
Procent ludzi z każdym wynikiem
Percentyl według liczby udzielonych odpowiedzi
Twoja historia wyników
Nie rozwiązałeś tego quizu od ostatniego zresetowania